Iraq under siege : the deadly impact of sanctions and war
Αποθηκεύτηκε σε:
| Άλλοι συγγραφείς: | |
|---|---|
| Μορφή: | Βιβλίο |
| Γλώσσα: | English |
| Δημοσίευση: |
Cambridge; : Massachusetts :
South and Press,
c2002
|
| Θέματα: | |
| Ετικέτες: |
Προσθήκη ετικέτας
Δεν υπάρχουν, Καταχωρήστε ετικέτα πρώτοι!
|
MARC
| LEADER | 00000cam a2200000 i 4500 | ||
|---|---|---|---|
| 001 | 1/85678 | ||
| 008 | 050919s2002 eng d | ||
| 020 | |a 0-89608-697-6 ((pbk.)) | ||
| 035 | |l 10080336 | ||
| 040 | |a GR-MY-UA |b gre |e aacr | ||
| 041 | 0 | |a eng | |
| 082 | 0 | |a 330.9567 |2 (22) | |
| 245 | 1 | 0 | |a Iraq under siege : |b the deadly impact of sanctions and war / |c edited by Anthony Arnove ; with essays by: Ali Abunimah...[et al.] |
| 260 | |a Cambridge; : |a Massachusetts : |b South and Press, |c c2002 | ||
| 300 | |a 262 σ.; |c 22 εκ. | ||
| 504 | |a Περιλαμβάνει βιβλιογραφίες και ευρετήριο | ||
| 650 | 0 | 0 | |a Economic sanctions |z Iraq. |
| 650 | 0 | 0 | |a Persian Gulf War, 1991. |
| 651 | 0 | |a Iraq |x Economic conditions. | |
| 700 | 1 | |a Arnove, Anthony, |d 1969- |4 edt | |
| 852 | |a INST |b RHODES |e 20050919 |h 330.9567 IRA |p 005400022292 |q 005400022292 |t BK |y 0 | ||
| 901 | |a BIBL4-2005-3 | ||
| 909 | |a Ρ |b 122498 | ||
| 970 | |a ΚΟΖΑ |b ΜΑΡΙΑ |z 2005/09/19 | ||